| 000 -LEADER |
| fixed length control field |
00305nam a2200109Ia 4500 |
| 008 - FIXED-LENGTH DATA ELEMENTS--GENERAL INFORMATION |
| fixed length control field |
200302s9999 xx 000 0 und d |
| 100 ## - MAIN ENTRY--PERSONAL NAME |
| Personal name |
Envyclopedic Edition |
| 245 ## - TITLE STATEMENT |
| Title |
The new International Webster's Comprehensive Dictionary |
| 260 ## - PUBLICATION, DISTRIBUTION, ETC. |
| Name of publisher, distributor, etc. |
Trident Press International |
| 260 ## - PUBLICATION, DISTRIBUTION, ETC. |
| Date of publication, distribution, etc. |
1996 |
| 300 ## - PHYSICAL DESCRIPTION |
| Extent |
1895 P., |